00938 2200337 4500001002100000005001500021035002000036007000300056040001700059100002900076245006700105250001000172300003000182041000800212082001100220084001700231090002600248264003800274336002100312337003000333338002300363650002300386850001000409008004100419504002500460990002300485990002300508990002300531990002300554990002300577INLIS00000000000944720260420095902 a0010-1222000052ta aSBPUPADbind0 aAang Sonhaji:ePengarang1 aUsaha Pembesaran Si Udang Raksasa Di Air Tawar /cAang Sonhaji aCet.1 a30 hlm. :bilus. ;c15 cm0 aind a639.32 a639.32 AAN u a639.3 CAH p L 19 R 10 aBandung :bGaza Publishing,c2008 2rdacontentateks 2rdamediaatanpa perantara 2rdacarrieravolume 4aTeknologi terampil aPUPAD260420 0  abibiliografi, hlm 29 a9096/KAPD-PDG/2009 a9100/KAPD-PDG/2009 a9099/KAPD-PDG/2009 a9098/KAPD-PDG/2009 a9097/KAPD-PDG/2009